| 000 -LEADER |
| fixed length control field |
01726cam a2200433 a 4500 |
| 001 - CONTROL NUMBER |
| control field |
17556964 |
| 005 - DATE AND TIME OF LATEST TRANSACTION |
| control field |
20170105102922.0 |
| 007 - PHYSICAL DESCRIPTION FIXED FIELD--GENERAL INFORMATION |
| fixed length control field |
ta |
| 008 - FIXED-LENGTH DATA ELEMENTS--GENERAL INFORMATION |
| fixed length control field |
120523s2012 ii b 100 0 eng d |
| 010 ## - LIBRARY OF CONGRESS CONTROL NUMBER |
| LC control number |
2012353711 |
| 016 7# - NATIONAL BIBLIOGRAPHIC AGENCY CONTROL NUMBER |
| Record control number |
016108469 |
| Source |
Uk |
| 020 ## - INTERNATIONAL STANDARD BOOK NUMBER |
| Canceled/invalid ISBN |
9789381017135 |
| 025 ## - OVERSEAS ACQUISITION NUMBER |
| Overseas acquisition number |
I-E-2012-353711;88-92; 70-92 |
| 035 ## - SYSTEM CONTROL NUMBER |
| System control number |
(OCoLC)ocn794639825 |
| 035 ## - SYSTEM CONTROL NUMBER |
| System control number |
(OCoLC)794639825 |
| 037 ## - SOURCE OF ACQUISITION |
| Stock number |
Library of Congress -- New Delhi Overseas Office |
| 040 ## - CATALOGING SOURCE |
| Original cataloging agency |
DKAGE |
| Language of cataloging |
eng |
| Transcribing agency |
DKAGE |
| Modifying agency |
UKMGB |
| -- |
OCLCO |
| -- |
DLC |
| 042 ## - AUTHENTICATION CODE |
| Authentication code |
lccopycat |
| -- |
lcode |
| 043 ## - GEOGRAPHIC AREA CODE |
| Geographic area code |
a-ii--- |
| 050 00 - LIBRARY OF CONGRESS CALL NUMBER |
| Classification number |
HV6250.4.W65 |
| Item number |
F42 2012 |
| 082 04 - DEWEY DECIMAL CLASSIFICATION NUMBER |
| Classification number |
362.8808 |
| Edition number |
23 |
| 245 04 - TITLE STATEMENT |
| Title |
The fear that stalks : |
| Remainder of title |
gender-based violence in public spaces / |
| Statement of responsibility, etc. |
edited by Sara Pilot and Lora Prabhu. |
| 260 ## - PUBLICATION, DISTRIBUTION, ETC. |
| Place of publication, distribution, etc. |
New Delhi : |
| Name of publisher, distributor, etc. |
Zubaan, |
| Date of publication, distribution, etc. |
2012. |
| 300 ## - PHYSICAL DESCRIPTION |
| Extent |
x, 337 p. ; |
| Dimensions |
23 cm. |
| 500 ## - GENERAL NOTE |
| General note |
"Published in collaboration with UNDP and CEQUIN"--P. facing t.p. |
| 504 ## - BIBLIOGRAPHY, ETC. NOTE |
| Bibliography, etc. note |
Includes bibliographical references. |
| 520 ## - SUMMARY, ETC. |
| Summary, etc. |
Papers presented at a two-day conference on Gender-based violence in public spaces : challenges and solutions, held at New Delhi in October 2010 moderated by CEQUIN. |
| 650 #0 - SUBJECT ADDED ENTRY--TOPICAL TERM |
| Topical term or geographic name entry element |
Women |
| General subdivision |
Violence against |
| Geographic subdivision |
India |
| Form subdivision |
Congresses. |
| 650 #0 - SUBJECT ADDED ENTRY--TOPICAL TERM |
| Topical term or geographic name entry element |
Women |
| General subdivision |
Legal status, laws, etc. |
| Geographic subdivision |
India |
| Form subdivision |
Congresses. |
| 650 #0 - SUBJECT ADDED ENTRY--TOPICAL TERM |
| Topical term or geographic name entry element |
Family violence |
| Geographic subdivision |
India |
| Form subdivision |
Congresses. |
| 650 #0 - SUBJECT ADDED ENTRY--TOPICAL TERM |
| Topical term or geographic name entry element |
Public spaces |
| Geographic subdivision |
India |
| General subdivision |
Social conditions |
| Form subdivision |
Congresses. |
| 700 1# - ADDED ENTRY--PERSONAL NAME |
| Personal name |
Pilot, Sara. |
| 700 1# - ADDED ENTRY--PERSONAL NAME |
| Personal name |
Prabhu, Lora. |
| 710 2# - ADDED ENTRY--CORPORATE NAME |
| Corporate name or jurisdiction name as entry element |
Centre for Equity and Inclusion (New Delhi, India) |
| 856 41 - ELECTRONIC LOCATION AND ACCESS |
| Materials specified |
Table of contents only |
| Uniform Resource Identifier |
<a href="http://www.loc.gov/catdir/toc/fy13pdf04/2012353711.html">http://www.loc.gov/catdir/toc/fy13pdf04/2012353711.html</a> |
| 906 ## - LOCAL DATA ELEMENT F, LDF (RLIN) |
| a |
7 |
| b |
cbc |
| c |
copycat |
| d |
3 |
| e |
ncip |
| f |
20 |
| g |
y-gencatlg |
| 942 ## - ADDED ENTRY ELEMENTS (KOHA) |
| Source of classification or shelving scheme |
|
| Koha item type |
Book |